000 00321nam a22001217a 4500
008 180522b xxu||||| |||| 00| 0 eng d
041 _aeng
080 _a043.3
100 _a0
101 _aMBE-MA
245 _aImpact of Employees Motivation and Performance on Organizational Effectiviness
_cSadiku, F
942 _2udc
_cBK
999 _c46232
_d46232